| 000 | 00614cam a2200205 4500500 | ||
|---|---|---|---|
| 005 | 20260405003040.0 | ||
| 041 | _afre | ||
| 042 | _adc | ||
| 100 | 1 | 0 |
_aMaillard, Denis _eauthor |
| 245 | 0 | 0 | _aL’honneur retrouvé du “back office” |
| 260 | _c2020. | ||
| 500 | _a53 | ||
| 690 | _aCovid-19 | ||
| 690 | _aDenis Maillard | ||
| 690 | _aLibéralisme | ||
| 690 | _aLutte des classes | ||
| 690 | _aTravail | ||
| 786 | 0 | _nPhilosophie magazine | 139 | 6 | 2020-06-01 | p. 27-27 | 1951-1787 | |
| 856 | 4 | 1 | _uhttps://shs.cairn.info/magazine-philosophie-magazine-2020-6-page-27?lang=fr&redirect-ssocas=7080 |
| 999 |
_c2063907 _d2063907 |
||